1974 1626 1747 1093 1980 1538 1130 1051 1154 1392 1441 1776 1284 1456 1926 1647 1046 1612 1519 1677 1686 1029 1064 1640 1058 1703 1753 1883 1341 1983 1253 1167 1902 1092 1485 1919 1984 1987 1028 1267 1659 1586 1449 1449 1808 1057 1060 1360 1004 1383 1222 1660 1249 1254 1273 1365 1492 1343 1420 1731 1224 1289 1013 1247 1102 1508 1933 1531 1814 1460 1307 1018 1776 1740 1153 1424 1260 1662 1362 1292 1540 1790 1968 1655 1105 1869 1940 1211 1248 1912 1422 1780 1048 1956 1352 1875 1047 1365 1985 BCNSPRNW ULIB Ver.6.0+V

เปลี่ยนเป็นภาษาไทย

Change to English
 แสดงรายละเอียดบรรณานุกรม
  กลับหน้าหลัก

Brief Record : Get Marc (ISO 2709) : E-mail record : QR code < ปิดหน้าต่าง
LEADER : 00000nam 2200000uu 4500
001    13399113414
003     ULIB
008    020711s2553 th a 000 0 tha d
020    ^a9749742052850
099    ^aนว.ซ115จ 250
100    ^aฬีฬา
245    ^aจะรักได้ไหม...ถ้าหัวใจตรงกัน/^cฬีฬา
250    ^aพิมพ์ครั้งที่ 1
260    ^aกรุงเทพฯ :^bคลังวิทยา,^c2550
300    ^a238 หน้า
710 1  คลังวิทยา
945    ^p150^l0^i021009
995    ทศพร
999 ^a ^aวรรณษา ชูชัยมงคล
รายการนี้ยังไม่มีแท็ก
คุณยังไม่ได้ล็อกอิน คุณสามารถมีกิจกรรมร่วมกับเว็บไซต์ได้ แต่ต้องล็อกอินก่อน ::
  ล็อกอิน

รายการสื่อสารสนเทศ

ลำดับที่ ประเภท เลขเรียก/บาร์โค้ด สถานที่ สถานะ
1. นวนิยาย
นวนิยาย
นว.ซ115จ 250 ฉ.1 
  Barcode: 021009
ห้องสมุดวิทยาเขตสวรรค์ประชารักษ์
►นวนิยาย
บนชั้น
  ขอยืม

รายการใกล้เคียง
    ผู้แต่ง [ฬีฬา]

BibComment


ยังไม่เคยถูกคอมเมนท์

คอมเมนท์ทรัพยากรรายการนี้
  คอมเมนท์: จะรักได้ไหมถ้าหั..


 Copyright 2026. Bcnsprnw @Library